Central Library OPAC University of Rajshahi

বাংলাদেশের স্বাধীনতার সাতকাহন / (Record no. 76582)

MARC details
000 -LEADER
fixed length control field 00884nam a22002297a 4500
001 - CONTROL NUMBER
control field 76582
003 - CONTROL NUMBER IDENTIFIER
rucl marc code BD-RjUL
005 - DATE AND TIME OF LATEST TRANSACTION
control field 20211209082848.0
008 - FIXED-LENGTH DATA ELEMENTS--GENERAL INFORMATION
fixed length control field 191223s2019 bg ||||| |||| 001 0 eng d
035 ## - SYSTEM CONTROL NUMBER
System control number (BD-RjUL)76806
040 ## - CATALOGING SOURCE
Original cataloging agency BD-RjUL
Language of cataloging eng
Transcribing agency BD-RjUL
041 ## - LANGUAGE CODE
Language code of text/sound track or separate title ben
082 ## - DEWEY DECIMAL CLASSIFICATION NUMBER
Edition number 23
Classification number 954.9205
Author mark and year MOB 2019
100 ## - MAIN ENTRY--PERSONAL NAME
Personal name মকসুদুর রহমান, মো.
9 (RLIN) 236758
245 ## - TITLE STATEMENT
Title বাংলাদেশের স্বাধীনতার সাতকাহন /
Statement of responsibility, etc. মো. মকসুদুর রহমান
260 ## - PUBLICATION, DISTRIBUTION, ETC. (IMPRINT)
Place of publication, distribution, etc. ঢাকাঃ
Name of publisher, distributor, etc. জ্ঞানকোষ প্রকাশনী্‌ ,
Date of publication, distribution, etc. ২০১৯
300 ## - PHYSICAL DESCRIPTION
Pagination ৩৬৭ পৃ ;
Size ২৩ সেমি
500 ## - GENERAL NOTE
General note Includes Index
650 ## - SUBJECT ADDED ENTRY--TOPICAL TERM
Topical term or geographic name as entry element স্বাধীনতা
Chronological subdivision ১৯৭১
Geographic subdivision বাংলাদেশ
9 (RLIN) 236759
Topical term or geographic name as entry element emergence
Chronological subdivision 1971
Geographic subdivision Bangladesh
9 (RLIN) 236760
942 ## - ADDED ENTRY ELEMENTS (KOHA)
Source of classification or shelving scheme Dewey Decimal Classification
Koha item type Books
Holdings
Lost status Source of classification or shelving scheme Damaged status Not for loan Collection code Permanent Location Current Location Shelving location Date acquired Source of acquisition Cost, normal purchase price Total Checkouts Full call number Date last seen Copy number Koha item type
  Dewey Decimal Classification   Not For Loan Non-fiction Central Library, University of Rajshahi Central Library, University of Rajshahi Reading Room 13/02/2019 Rajshahi New Home 350.00   B 954.9205 MOB 2019 23/12/2019 C-1 Books
  Dewey Decimal Classification     Non-fiction Central Library, University of Rajshahi Central Library, University of Rajshahi   13/02/2019 Rajshahi New Home 350.00   B 954.9205 MOB 2019 23/12/2019 C-2 Books
  Dewey Decimal Classification     Non-fiction Central Library, University of Rajshahi Central Library, University of Rajshahi   13/02/2019 Rajshahi New Home 350.00   B 954.9205 MOB 2019 23/12/2019 C-3 Books
  Dewey Decimal Classification     Non-fiction Central Library, University of Rajshahi Central Library, University of Rajshahi   13/02/2019 Rajshahi New Home 350.00   B 954.9205 MOB 2019 23/12/2019 C-4 Books
  Dewey Decimal Classification     Non-fiction Central Library, University of Rajshahi Central Library, University of Rajshahi   13/02/2019 Rajshahi New Home 350.00   B 954.9205 MOB 2019 23/12/2019 C-5 Books